000 00626nam a2200241 a 4500
003 AR-BaBNM
005 20251128203008.0
008 082120s2002 ||||||||||||||000 | spa||
040 _cAR-BaBNM
100 1 _aHalperín, Isaac
245 0 0 _aCurso de derecho comercial
_bparte general sociedades en general. 1
250 _a3ª ed. act.
260 _aBuenos Aires
_bDepalma
_c1978
300 _axxiv, 388 p.
500 _aApéndice ley 19.880 p. 385-388
650 4 _aDERECHO COMERCIAL
650 4 _aHISTORIA
650 4 _aSOCIEDADES
650 4 _aEMPRESAS
651 4 _aArgentina
942 _cBK
998 _cCARMEN
999 _c1430
_d1430